[Event "HCL-C3985"]
[Site "www.playchess.de"]
[Date "2006.03.17"]
[Round "12"]
[White "Idris"]
[Black "Milosforman"]
[WhiteElo "895"]
[BlackElo "1006"]
[PlyCount "122"]
[Result "0-1"]

1.d4 {Hi}  d5 2.Nc3 e6 3.e3 Bb4 4.Bd2 Bxc3 5.Bxc3 
Ne7 6.Bd3 Nd7 7.Nf3 c5 8.O-O c4 9.Be2 O-O 10.Ne5 
Nxe5 11.Qd2 N5g6 12.f4 Nf5 13.Rf3 Ngh4 14.Rh3 a5 
15.a4 Bd7 16.b4 axb4 17.Bxb4 Re8 18.c3 Bxa4 19.Bg4 
Bb3 20.Rxa8 Qd7 21.Rxe8+ Qxe8 22.Bxf5 Nxf5 23.Qf2 
Qa4 24.g4 Qa1+ 25.Kg2 Nh6 26.g5 Ng4 27.Qf3 Qb2+ 
28.Kg3 h5 29.Rxh5 f5 30.h3 Qh2+ 31.Kh4 Nf2 32.g6 
Bd1 33.Qg3 Qxg3+ 34.Kxg3 Ne4+ 35.Kh4 Bxh5 36.Kxh5 
Nd2 37.Kg5 Nf1 38.h4 Nxe3 39.h5 Nc2 40.Bd6 Na1 
41.h6 Nb3 42.hxg7 Kxg7 43.Be5+ Kg8 44.Kf6 Na5 
45.Kxe6 b5 46.Kxf5 Nc6 47.Ke6 Nxe5 48.Kxe5 b4 
49.Kxd5 b3 50.Kxc4 b2 51.f5 {(offering draw)}  b1Q 
52.f6 Qf1+ 53.Kb3 Qxf6 54.Kb4 Qxg6 55.c4 Qb6+ 
56.Kc3 Qa5+ 57.Kd3 Kf7 58.d5 Qc5 59.Kc3 Kf6 60.Kd3 
Ke5 61.Kc3 Ke4 0-1

[Event "HCL-E1590"]
[Site "www.playchess.de"]
[Date "2006.03.17"]
[Round "14"]
[White "yannick"]
[Black "Sobral"]
[WhiteElo "1632"]
[BlackElo "1500"]
[PlyCount "94"]
[Result "0-1"]

1.b4 {hi wish you a good tournament}  e5 {The same 
to you. Regards.}  2.Bb2 Bxb4 3.Bxe5 Nf6 4.c3 Nc6 
5.cxb4 Nxe5 6.f4 Ng6 7.e3 O-O 8.Bd3 b6 9.Nc3 Bb7 
10.Bxg6 fxg6 11.Nf3 Ne4 12.Nxe4 Bxe4 13.d3 Bxf3 
14.Qxf3 Qh4+ 15.g3 Qf6 16.O-O Qd6 17.b5 Qxd3 18.a4 
Rfe8 19.Rad1 Qxe3+ 20.Qxe3 Rxe3 21.Rxd7 a6 22.Rc1 
axb5 23.Rcxc7 bxa4 24.Rdxg7+ Kf8 25.Rgxh7 Kg8 
26.Rcg7+ Kf8 27.Rgb7 Kg8 28.Rhg7+ Kf8 29.Rxg6 a3 
30.Rf6+ Kg8 {(offering draw)}  31.Rfxb6 {let's go} 
 a2 32.R7b8+ Rxb8 33.Rxb8+ Kf7 34.Ra8 Re1+ 35.Kf2 
a1Q 36.Rxa1 Rxa1 37.h4 Ra3 38.g4 Ke6 39.Kg2 Kd5 
40.h5 Ke4 41.f5 Kf4 42.f6 Kxg4 43.h6 Kg5 44.h7 Ra8 
45.h8Q Rxh8 46.f7 Rf8 47.Kf3 Rxf7+ 0-1

[Event "HCL-T256"]
[Site "www.playchess.de"]
[Date "2006.03.17"]
[Round "14"]
[White "gsmaior"]
[Black "Grabanzito"]
[WhiteElo "2001"]
[BlackElo "1807"]
[PlyCount "76"]
[Result "1/2-1/2"]

1.e4 e5 2.f4 exf4 3.Nf3 {a nice game to you !}  g5 
4.h4 g4 5.Ne5 Nf6 6.d4 d6 7.Nd3 Nxe4 8.Bxf4 Bg7 
9.c3 O-O 10.Nd2 Re8 11.Be2 Bf5 12.Nxe4 Bxe4 13.O-O 
Qxh4 14.Bxg4 Nc6 15.Nf2 Bd5 16.Qd3 Ne7 17.g3 Qf6 
18.Rae1 Bxa2 19.Qb5 Be6 20.Bxe6 fxe6 21.Ne4 Qg6 
22.Ng5 c6 23.Qxb7 e5 24.dxe5 dxe5 25.Bc1 Nd5 26.c4 
Rab8 27.Qxa7 Nb4 28.Re2 Nd3 29.Ne4 Ref8 30.Rxf8+ 
Rxf8 31.Bg5 Qh5 32.Qe3 Rf3 33.Qb6 Qh3 34.Rg2 Ne1 
35.Rf2 Rf5 36.Qe3 Nc2 37.Qd3 Nd4 38.Rxf5 
Qxf5 1/2-1/2

[Event "HCL-C4134"]
[Site "www.playchess.de"]
[Date "2006.03.17"]
[Round "6"]
[White "cg"]
[Black "Milosforman"]
[WhiteElo "902"]
[BlackElo "952"]
[PlyCount "87"]
[Result "0-1"]

1.e4 e6 2.e5 Nc6 3.d4 Bb4+ 4.c3 Ba5 5.Bb5 a6 
6.Bxc6 dxc6 7.Nf3 h6 8.O-O f6 9.exf6 Qxf6 10.b4 
Bb6 11.Be3 Bd7 12.Nbd2 O-O-O 13.Ne5 Be8 14.Ndc4 
Ba7 15.Qf3 Qxf3 16.Nxf3 b5 17.Nce5 Ne7 18.a4 Ng6 
19.Nxg6 Bxg6 20.axb5 cxb5 21.Ne5 Bf5 22.Nc6 Bd3 
23.Rfe1 Rd6 24.Nxa7+ Kb7 25.Nxb5 Bxb5 26.Bf4 Rc6 
27.Be5 Rh7 28.Rec1 g6 29.Ra2 Bc4 30.Rb2 g5 31.g4 
Rf7 32.h3 Rf3 33.Bg3 Bb5 34.h4 gxh4 35.Bxh4 Rcxc3 
36.Rxc3 Rxc3 37.g5 hxg5 38.Bxg5 Rc4 39.Bf6 Rc1+ 
40.Kg2 Bf1+ 41.Kf3 Rc3+ 42.Ke4 Bg2+ 43.Ke5 Bh3 
44.f4 0-1

[Event "HCL-C4102"]
[Site "www.playchess.de"]
[Date "2006.03.17"]
[Round "5"]
[White "dou3bol"]
[Black "Maneco"]
[WhiteElo "800"]
[BlackElo "1191"]
[PlyCount "84"]
[Result "0-1"]

1.c4 e5 2.g3 Nf6 3.Bg2 Bc5 4.Nc3 Ng4 5.a3 Nxf2 
6.Qa4 Nxh1 7.Qa5 Qe7 8.Bxh1 d6 9.Nf3 Bd7 10.d3 b6 
11.Nd5 Qd8 12.Qd2 O-O 13.Qg5 f6 14.Qh5 Bc6 15.Nh4 
g6 16.Qh6 Rf7 17.Bd2 Qf8 18.Nxc7 Rxc7 19.g4 Qxh6 
20.Bxh6 Bxh1 21.e4 Bd4 22.Ke2 Bxb2 23.Rxh1 Bxa3 
24.Rf1 Nd7 25.Ra1 Bb2 26.Rf1 a5 27.Nf3 a4 28.h4 a3 
29.Ne1 a2 30.Nc2 Nc5 31.Bc1 a1Q 32.Nxa1 Bxa1 
33.Rxf6 Ra2+ 34.Ke3 Bd4+ 35.Kf3 Rf2+ 36.Kg3 Rxf6 
37.h5 Rcf7 38.hxg6 hxg6 39.g5 R6f3+ 40.Kg2 Nxd3 
41.Ba3 Ne1+ 42.Kh2 Rh7+ 0-1

[Event "HCL-B3868"]
[Site "www.playchess.de"]
[Date "2006.03.17"]
[Round "19"]
[White "seisan"]
[Black "SAROS"]
[WhiteElo "1392"]
[BlackElo "1233"]
[PlyCount "91"]
[Result "1-0"]

1.d4 g6 2.c4 Bg7 3.Nc3 Nf6 4.e4 O-O 5.Bd3 d6 6.Nf3 
c6 7.O-O a6 8.Bg5 h6 9.Bd2 Bg4 10.Rc1 e5 11.d5 c5 
12.h3 Bd7 13.Nh2 Qc8 14.f4 Bxh3 15.gxh3 Qxh3 
16.Qf3 Qxf3 17.Rxf3 exf4 18.Bxf4 Ne8 19.Ng4 h5 
20.Ne3 Nd7 21.Kf2 Ndf6 22.Rg1 Nd7 23.Rfg3 Rb8 
24.a4 Ne5 25.Bxe5 Bxe5 26.R3g2 Bd4 27.Ke2 Ng7 
28.a5 Rbe8 29.Rf1 Re7 30.Rf3 Ne8 31.Nf5 Re5 
32.Nxd4 cxd4 33.Na4 Kh7 34.Nb6 Re7 35.b4 Kh6 36.c5 
f5 37.Rfg3 Rf6 38.Nc8 Re5 39.cxd6 Nxd6 40.Nxd6 
Rxd6 41.Kf3 fxe4+ 42.Bxe4 Rxe4 43.Kxe4 b6 
44.R3xg6+ Rxg6 45.Rxg6+ Kxg6 46.axb6 1-0

[Event "HCL-A2635"]
[Site "www.playchess.de"]
[Date "2006.03.17"]
[Round "2"]
[White "PhilipKaveny"]
[Black "victorabiodun03"]
[WhiteElo "1324"]
[BlackElo "1583"]
[PlyCount "96"]
[Result "0-1"]

1.e4 e6 2.Nf3 d5 3.exd5 exd5 4.d4 Nf6 5.Bd3 Be7 
6.O-O O-O 7.b3 Bg4 8.Nbd2 Nbd7 9.c3 {I will be 
taking about a week off starting in about a half I 
have some publish committments}  c5 {ok,enjoy your 
break}  10.Qc2 {Maybe a move or two more}  cxd4 
11.Nxd4 Ne5 12.Bf5 Bd6 13.Bxg4 Nexg4 14.N2f3 Ne4 
15.Be3 Rc8 16.c4 Nxe3 17.fxe3 Re8 18.Nd2 Nxd2 
19.Qxd2 dxc4 20.Qf2 Rf8 21.Nf5 Be5 22.Rad1 Qc7 
23.g3 c3 24.Rdc1 g6 25.Nh6+ Kg7 26.Ng4 f5 27.Nxe5 
Qxe5 28.Qf4 Rfe8 29.Qxe5+ Rxe5 30.Rfd1 Rc7 31.Kf2 
b5 32.b4 Re4 33.Rd4 Kf6 34.Kf3 Ke5 35.Rd8 Rxb4 
36.Re8+ Kd5 37.Rd8+ Ke6 38.Re8+ Kf7 39.Rh8 Kg7 
40.Rd8 c2 41.Rd2 Rb2 42.a3 a5 43.Ke2 b4 44.axb4 
axb4 45.Kd3 b3 46.e4 Rd7+ 47.Ke2 Rxd2+ 48.Kxd2 
fxe4 0-1

[Event "HCL-C4156"]
[Site "www.playchess.de"]
[Date "2006.03.17"]
[Round "2"]
[White "pytolo98"]
[Black "Idris"]
[WhiteElo "1160"]
[BlackElo "840"]
[PlyCount "82"]
[Result "0-1"]

1.e4 e5 2.Bc4 Qe7 3.d3 d6 4.h3 Nc6 5.Bb5 Bd7 
6.Bxc6 Bxc6 7.Nf3 g6 8.Bg5 f6 9.Be3 Bh6 10.Bxh6 
Nxh6 11.Nc3 f5 12.O-O O-O-O 13.a4 a5 14.Re1 Kd7 
15.Qd2 Qe6 16.Nb1 Ke7 17.Qxh6 Qf7 18.Ng5 Qf8 
19.Qh4 Qf6 20.Nd2 h5 21.Nc4 fxe4 22.dxe4 Rdf8 
23.Qg3 h4 24.Qe3 Rh5 25.Nf3 Qf4 26.Qa7 Bxe4 
27.Qxa5 b6 28.Qa7 Rc8 29.a5 Bxf3 30.gxf3 Qxc4 
31.axb6 Rg5+ 32.Kh1 Qd4 33.Ref1 Qf4 34.Qb7 e4 
35.Rfg1 Qxf3+ 36.Kh2 Qxf2+ 37.Kh1 Rxg1+ 38.Rxg1 
Kd7 39.Rg2 Qf3 40.c4 Qxh3+ 41.Rh2 
Qf1+ 0-1

[Event "HCL-B3917"]
[Site "www.playchess.de"]
[Date "2006.03.17"]
[Round "8"]
[White "nichju"]
[Black "pirracas"]
[WhiteElo "1037"]
[BlackElo "1473"]
[PlyCount "102"]
[Result "0-1"]

1.e4 {Hi again!}  c6 2.d4 d5 3.Nc3 dxe4 4.Nxe4 Bf5 
5.Bd3 Qd5 6.Be3 Bxe4 7.Bxe4 Qxe4 8.Nf3 e6 9.O-O 
Bd6 10.Re1 Qg6 11.Nh4 Qe4 12.Bg5 Qd5 13.Qd3 Qxg5 
14.Nf3 Qb5 15.c4 Qxb2 16.d5 Bb4 17.Red1 Qc3 18.Qe4 
Nf6 19.Qf4 cxd5 20.Qc7 O-O 21.Qxb7 Nbd7 22.h4 Qxc4 
23.Rdc1 Qf4 24.Rc6 Nb6 25.a3 Bd6 26.a4 Ne4 27.Kf1 
Rfb8 28.Qa6 Nc4 29.Ra2 Qc1+ 30.Ne1 Ned2+ 31.Ke2 
Rb6 32.Rxb6 Ne4 33.Qb7 Nc3+ 34.Kf1 Rb8 35.Qxb8+ 
Bf8 36.Rc2 Nd2+ 37.Kg1 Qxe1+ 38.Kh2 axb6 39.Rxc3 
Nf1+ 40.Kg1 Qxc3 41.Kxf1 Qc2 42.Kg1 g6 43.Qxb6 
Qxa4 44.h5 Qd1+ 45.Kh2 Qxh5+ 46.Kg1 Qe5 47.Qb1 Bd6 
48.g3 d4 49.Qc1 d3 50.Qc8+ Kg7 51.Qc3 
Qxc3 0-1

[Event "HCL-A2629"]
[Site "www.playchess.de"]
[Date "2006.03.17"]
[Round "28"]
[White "BohdanL"]
[Black "mrchess"]
[WhiteElo "1517"]
[BlackElo "1436"]
[PlyCount "92"]
[Result "0-1"]

1.e4 {hi, have a nice game}  c5 {you too}  2.f4 
Nc6 3.Nf3 e6 4.Qe2 Be7 5.c3 a6 6.a4 Nf6 7.d3 O-O 
8.g3 d5 9.e5 Nd7 10.Bh3 Na5 11.Na3 Nb3 12.Rb1 Qa5 
13.O-O Qxa4 14.Nc2 Nxc1 15.Rfxc1 Qc6 16.b4 b5 
17.bxc5 Qxc5+ 18.d4 Qxc3 19.Nb4 Bxb4 20.Rxc3 {you 
think it better without queen, it was not traped 
yet}  Bxc3 {thats right but i have two strong 
pawns}  21.Bf1 {will be interesting game :-)}  b4 
22.Qa2 Nb6 23.Nd2 Bxd4+ 24.Kg2 Bc3 25.Rb3 Bb7 
26.Nb1 d4+ 27.Kh3 Bd5 28.Nxc3 bxc3 29.Qc2 Bxb3 
30.Qxb3 Rfb8 31.Bd3 Nd5 32.Qc4 Rbc8 33.Qb3 a5 
34.Qa4 Nb4 35.Be4 Ra7 36.Kg4 c2 37.Bxc2 Nxc2 38.f5 
Ne3+ 39.Kf4 Nxf5 40.g4 Ne7 41.Qxd4 Rca8 42.h4 a4 
43.g5 a3 44.h5 a2 45.Qa1 Rb8 46.g6 
hxg6 0-1

[Event "HCL-C4229"]
[Site "www.playchess.de"]
[Date "2006.03.17"]
[Round "7"]
[White "gronico"]
[Black "janhsen"]
[WhiteElo "1220"]
[BlackElo "1376"]
[PlyCount "21"]
[Result "1-0"]

1.e4 e5 2.Bc4 Nf6 3.Nc3 Bc5 4.Nf3 d6 5.d3 O-O 
6.Bg5 Bg4 7.Nd5 Qd7 8.Bxf6 Bxf3 9.Qxf3 Qa4 10.Qg4 
g6 11.Ne7+ 1-0

[Event "HCL-E1525"]
[Site "www.playchess.de"]
[Date "2006.03.17"]
[Round "35"]
[White "Emerson"]
[Black "BigAl"]
[WhiteElo "1802"]
[BlackElo "1540"]
[PlyCount "79"]
[Result "1-0"]

1.d4 {welcome and greetings from dortmund/germany. 
wish you a good game and merry christmas! norberN} 
 d5 {Many thanks, it's good to meet you, good luck 
with the tournament also.}  2.e3 c6 3.Bd3 g6 {A 
very happy Christmas to you and your family, I 
hope 2006 is a great year for you}  4.c3 {Thank 
you for your nice wishes; to you also merry 
christmas and all the best for 
2006
Norbert}  Bg7 {Many thanks :-)}  5.Nd2 e6 6.Ne2 
Ne7 7.O-O O-O 8.f4 Nd7 9.Nf3 a5 10.a4 b6 11.Bd2 c5 
12.g4 c4 13.Bc2 Bb7 14.Qe1 Nc8 15.Qg3 Nd6 16.h4 
Nf6 17.Qh3 Nfe4 18.h5 Bc8 19.Be1 Qe8 20.Kg2 f6 
21.hxg6 Qxg6 22.Ng3 f5 23.g5 Nxg3 24.Bxg3 Bd7 
25.Rfh1 Bh8 26.Rag1 b5 27.axb5 Nxb5 28.Nh4 Qg7 
29.Kf3 Be8 30.g6 hxg6 31.Bf2 Rf6 32.Ng2 Ra7 33.Rh2 
Qh7 34.Qg3 Qe7 35.Rgh1 Bg7 36.Qh3 Rf8 37.Qh8+ Kf7 
38.Qxg7+ Kxg7 39.R2h7+ Kg8 40.R7h8+ 1-0

[Event "HCL-A2546"]
[Site "www.playchess.de"]
[Date "2006.03.17"]
[Round "20"]
[White "MimiSiku"]
[Black "kylejmiles"]
[WhiteElo "1507"]
[BlackElo "1472"]
[PlyCount "75"]
[Result "1-0"]

1.e4 {Hello from Würzburg, Germany. Have a nice 
game!}  c5 2.Nf3 Nc6 3.d4 cxd4 4.Nxd4 Nf6 5.f3 d6 
6.Bb5 Bd7 7.O-O Qb6 8.Be3 Nxd4 9.Bxd7+ Nxd7 
10.Bxd4 Qc7 11.b3 Rc8 12.c4 Nf6 13.Bxf6 gxf6 
14.Nc3 Bh6 15.Nd5 Qc5+ 16.Kh1 Rg8 17.g3 Bg7 18.Rc1 
e6 19.Nc3 Ke7 20.Nb5 a6 21.Nd4 Bh8 22.Qd2 Rg6 
23.Rfd1 h5 24.b4 Qg5 25.Qxg5 fxg5 26.Nb3 Be5 27.c5 
Rd8 28.Na5 Rd7 29.Rd3 f5 30.Rcd1 f4 31.cxd6+ Kd8 
32.Nc4 Bf6 33.Nb6 Rh7 34.d7 g4 35.gxf4 gxf3 
36.Rxf3 Rhg7 37.e5 Be7 38.Rc1 1-0

[Event "HCL-A2546"]
[Site "www.playchess.de"]
[Date "2006.03.17"]
[Round "8"]
[White "kylejmiles"]
[Black "hreed"]
[WhiteElo "1472"]
[BlackElo "1477"]
[PlyCount "44"]
[Result "0-1"]

1.e4 e5 2.Nf3 Nc6 3.Bb5 Nf6 4.O-O Nxe4 5.Re1 Nd6 
6.Nxe5 Nxe5 7.Rxe5+ Be7 8.Ba4 O-O 9.Nc3 c6 10.d3 
Bf6 11.Re1 Re8 12.Bf4 Nf5 13.Qg4 d5 14.Qf3 Re7 
15.h3 b5 16.Bb3 a5 17.a4 Nd4 18.Qg3 Nxb3 19.cxb3 
b4 20.Ne2 Qe8 21.Qf3 Bxb2 22.Rab1 
Bc3 0-1

[Event "HCL-M772"]
[Site "www.playchess.de"]
[Date "2006.03.17"]
[Round "10"]
[White "malu"]
[Black "BDG_Girl"]
[WhiteElo "2055"]
[BlackElo "1735"]
[PlyCount "140"]
[Result "0-1"]

1.e4 {hi and gl}  e6 {Hello and good luck!}  2.d4 
d5 3.e5 c5 4.c3 Nc6 5.Nf3 Qb6 6.Bd3 cxd4 7.cxd4 
Bd7 8.Bc2 Nb4 9.Nc3 Nxc2+ 10.Qxc2 Ne7 11.O-O Nf5 
12.Be3 Rc8 13.Qd2 Be7 14.Rac1 O-O 15.Rc2 Rc4 
16.Rfc1 Rfc8 17.h3 Bb4 18.a3 Be7 19.Qd3 R4c7 
20.Bf4 a5 21.g4 Nh4 22.Nxh4 Bxh4 23.Qd2 R7c4 
24.Ne2 Be7 25.R2xc4 Rxc4 26.Bg5 Bf8 27.Rxc4 dxc4 
28.Qc3 Bc6 29.Kh2 a4 30.Qc2 Qa6 31.Nc3 b5 32.Ne4 
Qb7 33.Nc5 Qb6 34.Be3 Qa5 35.Qe2 Qa8 36.Kg3 Qb8 
37.Bd2 Be7 38.f3 Qd8 39.Be3 Qd5 40.Bf2 Ba8 41.Kg2 
h6 42.Ne4 b4 43.axb4 Bxb4 44.Qc2 Bc6 45.Be3 Kf8 
46.Qe2 {(offering draw)}  Qb5 {I'd prefer to play 
on!}  47.Qc2 Be7 48.Nd2 Bd5 49.Ne4 Qb3 50.Qe2 Kg8 
{Merry Christmas and may God Bless you and your 
family!}  51.Nc5 Bxc5 52.dxc5 c3 53.bxc3 Qxc3 
54.Bf2 a3 55.Qe3 Qb2 56.Qd4 Qc2 57.c6 a2 58.c7 
Qxc7 59.Qb2 Qc4 60.Bd4 a1Q 61.Qb8+ Kh7 62.Bxa1 
Qe2+ 63.Kg1 Qe3+ 64.Kf1 Bc4+ 65.Kg2 Qe2+ 66.Kg3 
Qe1+ 67.Kg2 Bf1+ 68.Kg1 Be2+ 69.Kg2 Qf1+ 70.Kg3 
Qxf3+ 0-1

[Event "HCL-B3865"]
[Site "www.playchess.de"]
[Date "2006.03.17"]
[Round "9"]
[White "errantknight"]
[Black "DOSANJOS"]
[WhiteElo "1202"]
[BlackElo "1200"]
[PlyCount "39"]
[Result "1-0"]

1.d4 d5 2.Bg5 f6 3.Bh4 Nc6 4.e3 b6 5.Nc3 Qd6 6.Bg3 
e5 7.dxe5 fxe5 8.Nxd5 Be6 9.Nc3 Qxd1+ 10.Rxd1 Nf6 
11.Bb5 Bd7 12.Nf3 a6 13.Bxc6 Bxc6 14.O-O Bc5 
15.Nxe5 Bb7 16.Nd3 Kf7 17.Nxc5 Bc6 18.Nb3 h5 
19.Bxc7 h4 20.Bxb6 1-0

[Event "HCL-B3877"]
[Site "www.playchess.de"]
[Date "2006.03.18"]
[Round "1"]
[White "schachsky"]
[Black "tbouma"]
[WhiteElo "1193"]
[BlackElo "1151"]
[PlyCount "28"]
[Result "0-1"]

1.e4 {Hello again, have a nice game!}  e6 {thanks 
- you too!}  2.d4 Nc6 3.Be3 Nf6 4.Nc3 Bb4 5.Nge2 
d5 6.f3 dxe4 7.a3 Ba5 8.b4 Bb6 9.fxe4 Ng4 10.Bf4 
O-O 11.h3 Nf6 12.e5 Nh5 13.Bh2 Nxd4 14.g4 
Nf3+ 0-1

[Event "HCL-A2565"]
[Site "www.playchess.de"]
[Date "2006.03.18"]
[Round "10"]
[White "Lennin"]
[Black "MimiSiku"]
[WhiteElo "1490"]
[BlackElo "1525"]
[PlyCount "82"]
[Result "0-1"]

1.e4 {Hi!}  e6 {Hi. Wish you a nice game!}  2.Nf3 
d5 3.e5 c5 4.Bb5+ Bd7 5.Qe2 a6 6.Bxd7+ Nxd7 7.d3 
Ne7 8.O-O Nc6 9.c4 d4 10.Bf4 Be7 11.Nbd2 O-O 
12.Ne4 b5 13.b3 bxc4 14.bxc4 Rb8 15.Rab1 Qa5 
16.Nfg5 Bxg5 17.Nxg5 Qc7 18.Qe4 g6 19.Nf3 Ne7 
20.h3 Qc6 21.Qe2 Nf5 22.Nh2 Nh4 23.Qg4 Nf5 24.Qe2 
Rb6 25.Rxb6 Qxb6 26.Ng4 Rb8 27.Nf6+ Nxf6 28.exf6 
Re8 29.g4 Nd6 30.Qd2 e5 31.Bg3 Nb7 32.Bh4 Nd8 
33.Re1 Qd6 {(offering draw)}  34.f4 Nc6 35.f5 Nd8 
36.Qg5 Qf8 37.Bg3 h6 38.Qd2 Nc6 39.fxg6 fxg6 40.g5 
Kh7 41.Re4 h5 0-1

[Event "HCL-A2556"]
[Site "www.playchess.de"]
[Date "2006.03.18"]
[Round "17"]
[White "Serger"]
[Black "zemljanin"]
[WhiteElo "1355"]
[BlackElo "1403"]
[PlyCount "69"]
[Result "1-0"]

1.e4 e6 2.d4 d5 3.e5 c5 4.c3 Bd7 5.Nf3 Nc6 6.Be2 
cxd4 7.cxd4 Bb4+ 8.Nc3 Nge7 9.O-O Nf5 10.Qd3 a6 
11.a3 Ba5 12.Bg5 Qc7 13.Rac1 h6 14.Bf4 Bb6 15.Na4 
O-O 16.Nc5 Rac8 17.Rfd1 a5 18.h3 Bxc5 19.Rxc5 b6 
20.Rcc1 Qa7 21.Kf1 Nb8 22.Rxc8 Rxc8 23.Rc1 Rxc1+ 
24.Bxc1 Nc6 25.Be3 b5 26.g4 Nxe3+ 27.Qxe3 Qb6 
28.Qd3 b4 29.g5 hxg5 30.Nxg5 Qxd4 31.Qh7+ Kf8 
32.Qh8+ Ke7 33.Qxg7 Qxe5 34.Qxf7+ Kd6 
35.Qf8+ 1-0

[Event "HCL-A2598"]
[Site "www.playchess.de"]
[Date "2006.03.18"]
[Round "9"]
[White "padre"]
[Black "froilo"]
[WhiteElo "1406"]
[BlackElo "1463"]
[PlyCount "44"]
[Result "0-1"]

1.e4 c5 2.Nf3 d6 3.d4 cxd4 4.Nxd4 Nf6 5.Nc3 a6 
6.Bc4 b5 7.Bb3 g6 8.f3 Bg7 9.Be3 O-O 10.Qd2 Nbd7 
11.O-O-O Nc5 12.Bd5 Bb7 13.Bxb7 Nxb7 14.g4 Nd7 
15.Bh6 Ne5 16.h4 Qb6 17.h5 Nc4 18.Qh2 Bxh6+ 19.Kb1 
g5 20.f4 e6 21.fxg5 Bxg5 22.Rd3 
Nc5 0-1

[Event "HCL-M893"]
[Site "www.playchess.de"]
[Date "2006.03.18"]
[Round "7"]
[White "chessnuts"]
[Black "temple"]
[WhiteElo "1970"]
[BlackElo "1731"]
[PlyCount "71"]
[Result "1-0"]

1.d4 {Hi...good game}  Nf6 {Hello,good luck.}  
2.c4 e6 3.Nc3 Be7 4.e4 d5 5.e5 Ne4 6.Nxe4 dxe4 
7.Be3 Bb4+ 8.Bd2 Bxd2+ 9.Qxd2 b6 10.Ne2 Bb7 11.Nc3 
h6 12.O-O-O Qg5 13.Qxg5 hxg5 14.Nb5 Na6 15.h3 f5 
16.Be2 Ke7 17.Rhg1 Rhd8 18.a3 Bc6 19.Nc3 Rd7 20.d5 
Bb7 21.g4 f4 22.Nxe4 Nc5 23.d6+ cxd6 24.exd6+ Kf7 
25.Nxg5+ Kf6 26.Nf3 Bxf3 27.Bxf3 Rad8 28.b4 Na6 
29.Rd4 e5 30.g5+ Kf7 31.Rd5 R7xd6 32.Rxe5 g6 
33.Bd5+ Kf8 34.Rg4 R8d7 35.Rxf4+ Kg7 
36.Re8 1-0

[Event "ACL-T170"]
[Site "www.playchess.de"]
[Date "2006.03.18"]
[Round "8"]
[White "Kimura"]
[Black "Lullo"]
[WhiteElo "1856"]
[BlackElo "2183"]
[PlyCount "38"]
[Result "0-1"]

1.d4 d5 2.c4 e6 3.Nf3 Nf6 4.Bg5 h6 5.Bh4 dxc4 
6.Qa4+ Nbd7 7.Qxc4 c5 8.Nc3 a6 9.dxc5 Bxc5 10.b4 
b5 11.Qb3 Be7 12.a3 Bb7 13.Rd1 Rc8 14.Bg3 Nh5 
15.Be5 Bf6 16.e4 O-O 17.Bxf6 Qxf6 18.Rxd7 Rxc3 
19.Qb1 Rfc8 0-1

[Event "ACL-A655"]
[Site "www.playchess.de"]
[Date "2006.03.18"]
[Round "9"]
[White "Chascarrillo"]
[Black "Kimura"]
[WhiteElo "2132"]
[BlackElo "1856"]
[PlyCount "61"]
[Result "1-0"]

1.d4 d6 2.e4 Nf6 3.Nc3 Nbd7 4.Bc4 e5 5.Nf3 h6 
6.O-O Be7 7.Qe2 O-O 8.dxe5 Nxe5 9.Nxe5 dxe5 10.Rd1 
Qe8 11.Nd5 Nxd5 12.Rxd5 Bd6 13.Be3 Qe6 14.Qh5 Rd8 
15.Rd4 Qf6 16.Rd3 Be6 17.Bxe6 Qxe6 18.Rad1 Be7 
19.R3xd8+ Rxd8 20.Rxd8+ Bxd8 21.b3 Be7 22.h3 a6 
23.c4 b5 24.cxb5 axb5 25.Qd1 b4 26.Qd5 Qxd5 
27.exd5 f5 28.Kf1 Kf7 29.Ke2 f4 30.Bd2 Bc5 
31.Kd3 1-0

[Event "HCL-B3862"]
[Site "www.playchess.de"]
[Date "2006.03.18"]
[Round "15"]
[White "Gilt"]
[Black "knoppe"]
[WhiteElo "1335"]
[BlackElo "1251"]
[PlyCount "83"]
[Result "1-0"]

1.e4 {Hi there!}  e5 {hi & gl  :-)}  2.f4 {:) thx} 
 Nc6 3.Nc3 Bb4 4.Nf3 Nf6 5.a3 Ba5 6.Bc4 O-O 7.f5 
a6 8.Nd5 b5 9.Nxf6+ Qxf6 10.Bd5 Bb7 11.O-O Bb6+ 
12.Kh1 a5 13.c3 Ra7 14.d3 Ne7 15.Bxb7 Rxb7 16.d4 
exd4 17.Bg5 Qd6 18.Nxd4 Nc6 19.Nxb5 Qe5 20.Qd3 Re8 
21.Rae1 d6 22.a4 f6 23.Bf4 Qe7 24.Qd5+ Qf7 25.Qxc6 
Rbb8 26.c4 Re7 27.Qd5 Bc5 28.g4 Rbe8 29.Qxf7+ Kxf7 
30.Kg2 R7xe4 31.Rxe4 Rxe4 32.b3 Bb6 33.Kf3 Re7 
34.h4 g6 35.Rd1 Kg7 36.Nd4 Kf7 37.Ne6 Rd7 38.c5 
Ba7 39.cxd6 cxd6 40.Rxd6 Rxd6 41.Bxd6 Bb6 
42.Bc7 1-0

[Event "HCL-A2482"]
[Site "www.playchess.de"]
[Date "2006.03.18"]
[Round "30"]
[White "padre"]
[Black "Genesio"]
[WhiteElo "1383"]
[BlackElo "1130"]
[PlyCount "89"]
[Result "1-0"]

1.e4 c5 2.c3 Nc6 3.d4 e6 4.Nf3 d5 5.e5 f6 6.Bf4 
Qb6 7.Qc2 c4 8.Nbd2 Nge7 9.Be2 Ng6 10.Bg3 Be7 
11.b3 cxb3 12.axb3 a5 13.O-O O-O 14.Bd3 f5 15.h3 
h5 16.Ra2 Bd7 17.Rfa1 Ra7 18.h4 Rfa8 19.Nf1 Nd8 
20.Ne3 Nf8 21.Bxf5 exf5 22.Nxf5 Ng6 23.Nxe7+ Nxe7 
24.Ng5 Bf5 25.Qd1 Qg6 26.Qd2 Nf7 27.Bf4 Nxg5 
28.Bxg5 Nc6 29.Re1 Re8 30.Qe2 Re6 31.Qb5 Bd3 
32.Qxd5 b6 33.Re3 Bf5 34.Qb5 Nxd4 35.cxd4 Bb1 
36.Rd2 Rd7 37.Qxd7 Bf5 38.Qd5 Qe8 39.Qd8 Qxd8 
40.Bxd8 Kf7 41.d5 Re8 42.Bg5 g6 43.e6+ Bxe6 
44.dxe6+ Rxe6 45.Rxe6 1-0

[Event "HCL-B3895"]
[Site "www.playchess.de"]
[Date "2006.03.18"]
[Round "5"]
[White "willi_weizenkeim"]
[Black "longino"]
[WhiteElo "1012"]
[BlackElo "1170"]
[PlyCount "84"]
[Result "0-1"]

1.c4 {buenos dias}  e6 {Buenas...}  2.Nc3 {manos 
arrbia, esto un robbo :-)}  d6 3.Nf3 Ne7 4.e4 g6 
5.Be2 Bg7 6.d4 Nbc6 7.O-O O-O 8.Bg5 Re8 9.d5 exd5 
10.cxd5 Ne5 11.Nxe5 Bxe5 12.g3 Bh3 13.Re1 Qd7 
14.Bb5 c6 15.Bxe7 Rxe7 16.Ba4 a6 17.f4 Bg7 18.Rc1 
b5 19.Bb3 Bg4 20.Qd3 c5 21.Bd1 c4 22.Qe3 Bh3 
23.Rc2 Rae8 24.a3 a5 25.Rce2 b4 26.Na4 R7xe4 
27.Qf3 Bg4 28.Qxe4 Rxe4 29.R2xe4 Bxd1 30.Nb6 Qb7 
31.Nxc4 Qxd5 32.R4e8+ Bf8 33.Ne3 Qc5 34.Kf2 Bb3 
35.a4 Bxa4 36.g4 Bxe8 37.Kf3 Bc6+ 38.Kg3 Bh6 39.g5 
Bg7 40.Kg4 h6 41.h4 Qd4 42.Kg3 
Qd2 0-1

[Event "HCL-M847"]
[Site "www.playchess.de"]
[Date "2006.03.18"]
[Round "16"]
[White "NOHAU"]
[Black "Kimura"]
[WhiteElo "2179"]
[BlackElo "1860"]
[PlyCount "28"]
[Result "0-1"]

1.e4 {Hello from Solingen, Germany. Let`s have a 
good game.}  e5 {Hello from Washington, DC! Good 
luck!}  2.Nf3 Nc6 3.Bb5 f5 4.Nc3 fxe4 5.Nxe4 d5 
6.Nxe5 dxe4 7.Nxc6 Qg5 8.Qe2 Nf6 9.f4 Qxf4 10.Ne5+ 
c6 11.d4 Qh4+ 12.g3 Qh3 13.Bc4 Be6 14.Bg5 
Bd6 0-1

[Event "HCL-B3851"]
[Site "www.playchess.de"]
[Date "2006.03.18"]
[Round "4"]
[White "aquiles"]
[Black "ChessMassacre"]
[WhiteElo "1479"]
[BlackElo "1200"]
[PlyCount "75"]
[Result "1-0"]

1.d4 d5 2.Bf4 Nc6 3.Nc3 Nf6 4.Nb5 e5 5.dxe5 Nd7 
6.Qxd5 Nb6 7.Qf3 Bb4+ {Você não são novato são 
você? Esse movimento com a rainha justo parece ser 
um movimento para fora de princípio. Olhei fotos 
de Brasil pelo meio. ...you tem um país muito 
belo.}  8.c3 Nd4 9.Nxd4 Bc5 10.e3 Qd5 11.Qg3 Bf5 
12.Bb5+ c6 13.Be2 Na4 14.Nxf5 O-O-O 15.Nf3 Nxc3 
16.bxc3 Qe4 17.O-O Qc2 18.N5d4 Qxc3 19.e6 Rd5 
20.exf7 Rhd8 21.Qxg7 Qb4 22.Ne5 Bxd4 23.Bg4+ Kc7 
24.Nd3+ R8d6 25.Nxb4 Bxg7 26.Nxd5+ cxd5 27.Bxd6+ 
Kxd6 28.Rad1 b5 29.f4 a5 30.e4 b4 31.Rxd5+ Kc6 
32.Rc1+ Kb6 33.h3 Bf8 34.e5 a4 35.e6 b3 36.axb3 a3 
37.Re5 Bd6 38.e7 1-0

[Event "HCL-E1566"]
[Site "www.playchess.de"]
[Date "2006.03.18"]
[Round "13"]
[White "Baldrick"]
[Black "Jule"]
[WhiteElo "1703"]
[BlackElo "1413"]
[PlyCount "47"]
[Result "1-0"]

1.e4 {Greetings!}  e5 {Hi, greetings and good 
luck}  2.f4 d6 3.Nc3 Nf6 4.Nf3 Bg4 5.Be2 Bxf3 
6.Bxf3 Be7 7.d3 O-O 8.fxe5 dxe5 9.O-O c6 10.Be3 
Nbd7 11.Qd2 Re8 12.g4 h6 13.g5 hxg5 14.Bxg5 Bc5+ 
15.Kh1 Qc7 16.Qg2 Kf8 17.Bg4 Nxg4 18.Qxg4 f6 
19.Rf3 Be7 20.Rg1 Kg8 21.Bh6 g5 22.Qe6+ Kh7 23.Rh3 
Bd8 24.Qf7+ 1-0

[Event "HCL-A2565"]
[Site "www.playchess.de"]
[Date "2006.03.18"]
[Round "4"]
[White "willem199"]
[Black "Lennin"]
[WhiteElo "1450"]
[BlackElo "1490"]
[PlyCount "57"]
[Result "1-0"]

1.d4 {good luck}  Nf6 {hi!}  2.c4 c5 3.Nf3 e6 
4.Bf4 d5 5.e3 Be7 6.Nc3 O-O 7.Bd3 Nc6 8.O-O Nh5 
9.Bg3 Nxg3 10.fxg3 dxc4 11.Bxc4 cxd4 12.Nxd4 Nxd4 
13.Qxd4 Qxd4 14.exd4 Bf6 15.Rad1 Rd8 16.d5 exd5 
17.Nxd5 Kf8 18.Nxf6 Rxd1 19.Nxh7+ Kg8 20.Bxf7+ 
Kxh7 21.Rxd1 Bf5 22.h3 Rc8 23.g4 Be4 24.Rd2 b5 
25.Be6 Rb8 26.Bf5+ Bxf5 27.gxf5 b4 28.Rd7 Rf8 
29.g4 1-0